[Event "Madrid-ch Previa-A"]
[Site "Madrid"]
[Date "2025.02.10"]
[Round "4.17"]
[White "Melgar Morraja, Mateo"]
[Black "Lopez de Turiso, Jose Angel"]
[Result "1-0"]
[WhiteElo "1812"]
[BlackElo "1967"]
[PlyCount "199"]
[GameId "2147604863856776"]
[EventDate "2025.02.03"]
[EventType "swiss"]
[EventRounds "9"]
[EventCountry "ESP"]

1. e4 e5 2. Nf3 Nc6 3. Bb5 a6 4. Ba4 Nf6 5. O-O Nxe4 6. d4 b5 7. Bb3 d5 8. dxe5 Be6 9. c3 Be7 10. Bc2 f5 11. Nd4 Qd7 12. Qe2 O-O 13. Nd2 h6 14. N2f3 Bc5 15. Bb3 Na5 16. Bc2 Nc4 17. Qe1 Rab8 18. b3 Nb6 19. Be3 Rbe8 20. Nxe6 Qxe6 21. Bxc5 Nxc5 22. Qe3 Nbd7 23. Nd4 Qxe5 24. Nxf5 Ne4 25. Bxe4 Qxe4 26. Qxe4 Rxe4 27. Ng3 Re5 28. Rfe1 Rfe8 29. Kf1 Kf7 30. Rxe5 Nxe5 31. Rd1 c6 32. Nf5 Kf6 33. Nd4 c5 34. Ne2 Rd8 35. Nf4 d4 36. cxd4 cxd4 37. Ke2 g5 38. Nd3 Nc6 39. Rc1 Rd6 40. Nc5 Ke5 41. Nxa6 Ke4 42. Nc5+ Kd5 43. Nd3 Re6+ 44. Kd2 Na7 45. Nb4+ Kd6 46. Kd3 Rf6 47. Rc2 Rf4 48. g3 Rf5 49. Kxd4 g4 50. Ke4 Re5+ 51. Kf4 h5 52. Rd2+ Ke6 53. Rc2 Rf5+ 54. Ke4 Re5+ 55. Kd4 Kd6 56. Rc7 Re2 57. Rxa7 Rxf2 58. Ra6+ Kd7 59. Kc5 Rxh2 60. Rd6+ Ke7 61. Rd3 h4 62. gxh4 Rxh4 63. Kxb5 Rh5+ 64. Nd5+ Kd6 65. Kc4 Rg5 66. Ne3+ Kc6 67. Ng2 g3 68. a4 Rg4+ 69. Rd4 Rg8 70. b4 Kb6 71. a5+ Ka6 72. Rd6+ Kb7 73. Kb3 Rg5 74. Kc4 Rg8 75. Kd3 Rg4 76. Rd4 Rg5 77. Ke3 Rf5 78. Rf4 Rg5 79. Kf3 Ka6 80. Rg4 Rf5+ 81. Kxg3 Kb5 82. Ne3 Rf8 83. Rf4 Rd8 84. Kf3 Rd2 85. Nf5 Rd3+ 86. Ke4 Rd1 87. Ke3 Rd5 88. Ng3 Rd1 89. Ne2 Rd6 90. Nc3+ Ka6 91. Rd4 Rh6 92. Kd3 Rh3+ 93. Kc4 Rh6 94. Ne4 Rc6+ 95. Nc5+ Ka7 96. Rd7+ Kb8 97. b5 Rc8 98. b6 Rh8 99. Kb5 Ka8 100. Ra7+ 1-0

[Event "Madrid-ch Previa-A"]
[Site "Madrid"]
[Date "2025.02.10"]
[Round "4.18"]
[White "Olmos Sanz, Francisco J"]
[Black "Ruiz Bellon, Manuel"]
[Result "1/2-1/2"]
[WhiteElo "1717"]
[BlackElo "1965"]
[PlyCount "117"]
[GameId "2147607440720026"]
[EventDate "2025.02.03"]
[EventType "swiss"]
[EventRounds "9"]
[EventCountry "ESP"]

1. c4 g6 2. g3 Bg7 3. Nc3 d6 4. Bg2 f5 5. e3 Nf6 6. Nge2 c6 7. Rb1 a5 8. O-O O-O 9. b4 axb4 10. Rxb4 Na6 11. Rb1 e5 12. Na4 Nc5 13. Nxc5 dxc5 14. Bb2 Re8 15. d4 exd4 16. exd4 Rxa2 17. d5 Ne4 18. Bxg7 Kxg7 19. Bxe4 fxe4 20. Nc3 Ra7 21. Re1 Bf5 22. dxc6 Qxd1 23. Rexd1 bxc6 24. Ra1 Rxa1 25. Rxa1 e3 26. Re1 exf2+ 27. Kxf2 Rxe1 28. Kxe1 Bd3 29. Kd2 Bxc4 30. Ne4 Bd5 31. Nxc5 Kf6 32. Ke3 Kg5 33. h3 h6 34. Nd3 Kf5 35. h4 g5 36. hxg5 hxg5 37. Nf2 c5 38. Kd3 Ke6 39. Ng4 Ba2 40. Nf2 Kd5 41. Nh3 Bb1+ 42. Ke3 g4 43. Nf4+ Kc4 44. Ne2 Bf5 45. Kd2 Be4 46. Ke3 Bf3 47. Nc1 Kc3 48. Nd3 c4 49. Ne5 Kb3 50. Kd2 c3+ 51. Kc1 Be2 52. Nc6 Bd3 53. Ne5 Bf5 54. Nc6 Kc4 55. Kd1 Kd3 56. Nb4+ Kd4 57. Nc6+ Ke3 58. Ne5 Kf2 59. Nxg4+ 1/2-1/2

[Event "Madrid-ch Previa-A"]
[Site "Madrid"]
[Date "2025.02.10"]
[Round "4.19"]
[White "Pastor Alonso De Prado, Alberto"]
[Black "Huerta Navarro, Eusebio"]
[Result "1-0"]
[WhiteElo "1963"]
[BlackElo "1772"]
[PlyCount "45"]
[GameId "2147609121632425"]
[EventDate "2025.02.03"]
[EventType "swiss"]
[EventRounds "9"]
[EventCountry "ESP"]

1. e4 e5 2. Nf3 Nf6 3. d3 Nc6 4. Be2 Be7 5. O-O O-O 6. c3 d5 7. Nbd2 Bd6 8. Re1 Ne7 9. Bf1 dxe4 10. dxe4 h6 11. Nc4 Bg4 12. h3 Bxf3 13. Qxf3 Ng6 14. g3 Qe7 15. h4 Rfd8 16. Ne3 Rd7 17. Bc4 Nh7 18. Nf5 Qf6 19. Qg4 Rad8 20. h5 Ne7 21. Nxh6+ Kf8 22. Nxf7 Bc5 23. Be3 1-0

[Event "Madrid-ch Previa-A"]
[Site "Madrid"]
[Date "2025.02.10"]
[Round "4.20"]
[White "Sanchez Rodriguez, Jaime"]
[Black "Martin Buitrago Lopez, Antonio"]
[Result "1-0"]
[WhiteElo "1952"]
[BlackElo "1800"]
[PlyCount "67"]
[GameId "2147609765359822"]
[EventDate "2025.02.03"]
[EventType "swiss"]
[EventRounds "9"]
[EventCountry "ESP"]

1. d4 d5 2. Bg5 g6 3. Nd2 Bg7 4. e3 Nf6 5. Bd3 O-O 6. Bxf6 Bxf6 7. f4 c5 8. c3 Nc6 9. Ngf3 Qc7 10. g3 Bg7 11. Qe2 Kh8 12. Qg2 cxd4 13. exd4 a5 14. a4 b6 15. O-O e6 16. Qe2 Qa7 17. Ne5 Ne7 18. Rae1 Ba6 19. Ndf3 Bxd3 20. Nxd3 Qd7 21. Nde5 Bxe5 22. Qxe5+ Kg8 23. Qf6 Nf5 24. g4 Nd6 25. Qh4 Ne4 26. Ne5 Qxa4 27. Rf3 Kg7 28. g5 h5 29. gxh6+ Kh7 30. Rxe4 dxe4 31. Qf6 Rg8 32. Qxf7+ Kh8 33. Qf6+ Kh7 34. Qe7+ 1-0

[Event "Madrid-ch Previa-A"]
[Site "Madrid"]
[Date "2025.02.10"]
[Round "4.21"]
[White "Albert Aparicio, Ismael"]
[Black "Quintans Cunha, Guillerme"]
[Result "1-0"]
[WhiteElo "1886"]
[BlackElo "1685"]
[PlyCount "63"]
[GameId "2147612777300230"]
[EventDate "2025.02.03"]
[EventType "swiss"]
[EventRounds "9"]
[EventCountry "ESP"]

1. e4 e5 2. Nf3 Nc6 3. d4 exd4 4. Nxd4 Nf6 5. Nc3 Bb4 6. Nxc6 bxc6 7. Bd3 Bxc3+ 8. bxc3 O-O 9. O-O Re8 10. Bg5 h6 11. Bh4 g5 12. Bg3 Nxe4 13. Qh5 Kg7 14. Rae1 d5 15. Bxe4 Rxe4 16. f4 Rxe1 17. Bxe1 g4 18. Bh4 Qd6 19. f5 Bd7 20. f6+ Kg8 21. Qxh6 Qc5+ 22. Bf2 Qf8 23. Qg5+ Kh8 24. Qh5+ Kg8 25. Be3 g3 26. Qg5+ Kh7 27. Rf4 gxh2+ 28. Kxh2 Qh6+ 29. Rh4 Qxh4+ 30. Qxh4+ Kg6 31. Qg5+ Kh7 32. Qg7# 1-0

[Event "Madrid-ch Previa-A"]
[Site "Madrid"]
[Date "2025.02.10"]
[Round "4.22"]
[White "Moreno Sabroso, Ruben"]
[Black "Balsera Gomez, Antonio"]
[Result "0-1"]
[WhiteElo "1653"]
[BlackElo "1873"]
[PlyCount "102"]
[GameId "2147613870530847"]
[EventDate "2025.02.03"]
[EventType "swiss"]
[EventRounds "9"]
[EventCountry "ESP"]

1. c4 e6 2. Nf3 d5 3. g3 dxc4 4. Qa4+ Nd7 5. Qxc4 a6 6. Bg2 b5 7. Qc2 Bb7 8. O-O Ngf6 9. d3 Bd6 10. b3 O-O 11. Bb2 Re8 12. Nbd2 Rc8 13. Rac1 c5 14. e4 e5 15. Nh4 g6 16. Ba3 Nf8 17. Nhf3 c4 18. Bxd6 cxb3 19. Qxb3 Qxd6 20. Ng5 Ne6 21. Nxe6 Qxe6 22. Qxe6 Rxe6 23. Rxc8+ Bxc8 24. Rc1 Bd7 25. Nf3 h6 26. Bh3 Rd6 27. Bf1 Be6 28. a3 Nd7 29. Rc7 a5 30. Ra7 b4 31. Rxa5 b3 32. Rb5 Rb6 33. Rxb6 Nxb6 34. Nd2 b2 35. d4 exd4 36. Bd3 Ba2 37. Kf1 Nc4 38. Nb1 Bxb1 39. Bxc4 Bc2 40. Ba2 b1=Q+ 41. Bxb1 Bxb1 42. f3 Bd3+ 43. Ke1 Kf8 44. Kd2 Bc4 45. a4 Ke7 46. f4 Kd6 47. g4 g5 48. e5+ Kd5 49. f5 Kxe5 50. a5 Kf4 51. h3 Kg3 0-1

[Event "Madrid-ch Previa-A"]
[Site "Madrid"]
[Date "2025.02.10"]
[Round "4.23"]
[White "Vasquez Escobar, Andres Eloy"]
[Black "Urosa Sanchez, Pablo"]
[Result "0-1"]
[WhiteElo "1579"]
[BlackElo "1829"]
[PlyCount "30"]
[GameId "2147615124017457"]
[EventDate "2025.02.03"]
[EventType "swiss"]
[EventRounds "9"]
[EventCountry "ESP"]

1. d4 d5 2. c4 e6 3. cxd5 exd5 4. Bf4 c6 5. Nf3 Nf6 6. h3 Bf5 7. a3 Qb6 8. b4 a5 9. bxa5 Qxa5+ 10. Nbd2 Nbd7 11. e3 Bb4 12. Be2 Ne4 13. Rc1 Qxa3 14. O-O Nc3 15. Qe1 Nxe2+ 0-1

[Event "Madrid-ch Previa-A"]
[Site "Madrid"]
[Date "2025.02.10"]
[Round "4.25"]
[White "Camarero Izquierdo, Juan Carlos"]
[Black "Aquilino Rodriguez, Virgilio"]
[Result "1-0"]
[WhiteElo "1936"]
[BlackElo "1675"]
[PlyCount "51"]
[GameId "2147619173699960"]
[EventDate "2025.02.03"]
[EventType "swiss"]
[EventRounds "9"]
[EventCountry "ESP"]

1. d4 d5 2. Nc3 Nf6 3. Bg5 e6 4. e4 dxe4 5. Nxe4 Be7 6. Bxf6 Bxf6 7. Nf3 b6 8. Qd3 O-O 9. O-O-O a5 10. Kb1 Bb7 11. h4 Nd7 12. Nfg5 Ba6 13. c4 Bxg5 14. hxg5 g6 15. Qh3 Re8 16. Qxh7+ Kf8 17. c5 Bb7 18. Bd3 Ke7 19. cxb6 cxb6 20. Qh2 Bxe4 21. Bxe4 Rc8 22. d5 exd5 23. Bxd5 Qc7 24. Rhe1+ Kd8 25. Rxe8+ Kxe8 26. Re1+ 1-0

[Event "Madrid-ch Previa-A"]
[Site "Madrid"]
[Date "2025.02.10"]
[Round "4.26"]
[White "Munoz Rodriguez, Blas"]
[Black "Aldea Moreno, Marina"]
[Result "1/2-1/2"]
[WhiteElo "1683"]
[BlackElo "1823"]
[PlyCount "124"]
[GameId "2147619820777873"]
[EventDate "2025.02.03"]
[EventType "swiss"]
[EventRounds "9"]
[EventCountry "ESP"]

1. d4 Nf6 2. Bf4 g6 3. Nc3 d5 4. e3 c6 5. Nf3 b5 6. Be2 Bg7 7. Ne5 Qb6 8. h4 h6 9. g4 Nfd7 10. Qd2 a5 11. O-O-O a4 12. Bf3 Nxe5 13. Bxe5 Bxe5 14. dxe5 Be6 15. Ne2 Nd7 16. Qc3 b4 17. Qd4 O-O-O 18. Qf4 Qc7 19. Nd4 c5 20. Nb5 Qb8 21. Be2 Nxe5 22. a3 Nc4 23. Qxb8+ Kxb8 24. axb4 cxb4 25. Nd4 Bd7 26. Rhe1 Kc7 27. e4 Ne5 28. exd5 Nxg4 29. Bxg4 Bxg4 30. Rxe7+ Kb6 31. Rd3 Rxd5 32. Rxf7 Rhd8 33. Rf6+ R5d6 34. Rxd6+ Rxd6 35. f3 Bd7 36. Kd2 Kc5 37. Ke3 a3 38. Nb3+ Kc6 39. Na5+ Kc7 40. Rxd6 Kxd6 41. bxa3 Kc5 42. axb4+ Kxb4 43. Nb7 Kc3 44. Nd6 Kxc2 45. Nf7 h5 46. Ne5 Bf5 47. Kf4 Kd2 48. Kg5 Ke3 49. Nxg6 Bc2 50. Ne5 Bd1 51. Kxh5 Kf4 52. Ng6+ Kf5 53. Ne7+ Ke6 54. Ng8 Bxf3+ 55. Kg5 Bd1 56. Nf6 Kf7 57. Ng4 Bxg4 58. Kxg4 Kg7 59. Kg5 Kh7 60. h5 Kg7 61. h6+ Kh7 62. Kh5 Kg8 1/2-1/2

[Event "Madrid-ch Previa-A"]
[Site "Madrid"]
[Date "2025.02.10"]
[Round "4.27"]
[White "Ropero Galan, Samuel"]
[Black "Garcia Gonzalez, Pedro A"]
[Result "0-1"]
[WhiteElo "1623"]
[BlackElo "1816"]
[PlyCount "46"]
[GameId "2147621904888234"]
[EventDate "2025.02.03"]
[EventType "swiss"]
[EventRounds "9"]
[EventCountry "ESP"]

1. e4 e5 2. Nf3 Nc6 3. Bc4 Nf6 4. Nc3 Nxe4 5. Nxe4 d5 6. Nc3 dxc4 7. Qe2 Bd6 8. Qxc4 Be6 9. Qe2 O-O 10. d3 Re8 11. O-O Nd4 12. Nxd4 exd4 13. Ne4 Bd5 14. Qg4 Re6 15. Nxd6 Rg6 16. Nxf7 Rxg4 17. Nxd8 Rxg2+ 18. Kh1 Rxf2+ 19. Kg1 Rg2+ 20. Kh1 Rxc2+ 21. Kg1 Rg2+ 22. Kh1 Rxb2+ 23. Kg1 Rg2+ 0-1

[Event "Madrid-ch Previa-A"]
[Site "Madrid"]
[Date "2025.02.10"]
[Round "4.28"]
[White "Perez Hernandez, Alfonso"]
[Black "Diez Acero, Pablo"]
[Result "1-0"]
[WhiteElo "1794"]
[BlackElo "1639"]
[PlyCount "85"]
[GameId "2147622501650882"]
[EventDate "2025.02.03"]
[EventType "swiss"]
[EventRounds "9"]
[EventCountry "ESP"]

1. Nf3 d5 2. c4 Nf6 3. g3 d4 4. Bg2 Nc6 5. d3 e5 6. O-O Be6 7. a3 Qd7 8. Re1 Be7 9. b4 h6 10. b5 Na5 11. Qa4 b6 12. Nxe5 Qc8 13. Bd2 Nb7 14. Bb4 Bc5 15. Qa6 Nd8 16. Bxc5 bxc5 17. Nc6 Qxa6 18. bxa6 Kd7 19. Ne5+ Kd6 20. Bxa8 Kxe5 21. Bg2 Bc8 22. Nd2 Bxa6 23. Rab1 Ne6 24. Rb2 Nd7 25. a4 f5 26. a5 f4 27. Reb1 h5 28. Bb7 Bxb7 29. Rxb7 h4 30. Nf3+ Kd6 31. Nxh4 fxg3 32. hxg3 Kc6 33. Rxa7 Nf6 34. Ra6+ Kd7 35. Ng6 Rh6 36. Ne5+ Ke7 37. Kg2 Rh5 38. Ng6+ Kf7 39. Rxe6 Kxg6 40. Rh1 Rf5 41. Rc6 Kg5 42. f4+ Kg6 43. Kf3 1-0

[Event "Madrid-ch Previa-A"]
[Site "Madrid"]
[Date "2025.02.10"]
[Round "4.29"]
[White "De Dompablo Fantova, Juan"]
[Black "Iturrizaga Ramirez, Eduardo Roberto"]
[Result "1-0"]
[WhiteElo "1782"]
[BlackElo "1591"]
[PlyCount "83"]
[GameId "2147623309763024"]
[EventDate "2025.02.03"]
[EventType "swiss"]
[EventRounds "9"]
[EventCountry "ESP"]

1. e4 e5 2. Nf3 Nc6 3. Nc3 Nf6 4. Bb5 a6 5. Bxc6 bxc6 6. Nxe5 Bd6 7. Nf3 O-O 8. O-O Bb4 9. Re1 Bxc3 10. bxc3 d6 11. h3 h6 12. d4 Be6 13. Qd3 Nd7 14. c4 Nb6 15. d5 cxd5 16. cxd5 Bd7 17. c4 Na4 18. Ba3 Qf6 19. e5 Qf5 20. Qxf5 Bxf5 21. exd6 cxd6 22. Bxd6 Rfc8 23. Ne5 Nb6 24. Nc6 Kh7 25. Ne7 Nxc4 26. Nxf5 Nxd6 27. Nxd6 Rd8 28. Nxf7 Rxd5 29. Ne5 Rd2 30. Red1 Rb2 31. Nd3 Rc2 32. a4 a5 33. Rdc1 Rd2 34. Ne5 Rf8 35. Nf3 Rd5 36. Rc7 Rb8 37. Rac1 Rb4 38. R1c4 Rd1+ 39. Kh2 Rdb1 40. Ne5 R4b2 41. Rg4 Rb7 42. Rgxg7+ 1-0

[Event "Madrid-ch Previa-A"]
[Site "Madrid"]
[Date "2025.02.10"]
[Round "4.30"]
[White "Perez de las Penas, Jorge Ivan"]
[Black "Guardiola Sevilla, Antonio"]
[Result "0-1"]
[WhiteElo "1620"]
[BlackElo "1777"]
[PlyCount "100"]
[GameId "2147624366952926"]
[EventDate "2025.02.03"]
[EventType "swiss"]
[EventRounds "9"]
[EventCountry "ESP"]

1. e4 c5 2. Nf3 Nc6 3. Bb5 a6 4. Bxc6 dxc6 5. O-O g6 6. d3 Bg7 7. c3 e6 8. Be3 b6 9. Qe2 Nf6 10. Bg5 Qc7 11. h3 O-O 12. Na3 b5 13. Nc2 Bb7 14. Qe3 Nd7 15. Bh6 Rad8 16. Bxg7 Kxg7 17. Rad1 Ne5 18. Nh2 Qe7 19. f4 Nd7 20. c4 Rfe8 21. Qg3 f5 22. Ne3 Kh8 23. b3 Qg7 24. e5 a5 25. Nf3 a4 26. Rb1 b4 27. d4 cxd4 28. Nxd4 Nc5 29. Nec2 axb3 30. axb3 Ne4 31. Qe1 c5 32. Nb5 Rd2 33. Rc1 Rd3 34. Rf3 Rd7 35. Re3 Red8 36. Re2 Qh6 37. Nd6 Qxf4 38. Nxb7 Rxb7 39. Rxe4 fxe4 40. Ne3 Qxe5 41. Ng4 Qd4+ 42. Kh1 Rf7 43. Ne3 Rdf8 44. Qe2 Rf2 45. Qe1 Rd2 46. Ra1 Rd3 47. Nc2 Qe5 48. Rd1 Rxd1 49. Qxd1 Qf4 50. Ne3 Qxe3 0-1

[Event "Madrid-ch Previa-A"]
[Site "Madrid"]
[Date "2025.02.10"]
[Round "4.31"]
[White "Castro Miranda, Juan Raul"]
[Black "Carbo de Haya, Jaime"]
[Result "1-0"]
[WhiteElo "1776"]
[BlackElo "1622"]
[PlyCount "81"]
[GameId "2147629463044588"]
[EventDate "2025.02.03"]
[EventType "swiss"]
[EventRounds "9"]
[EventCountry "ESP"]

{[%evp 0,56,11,12,19,11,-29,-2,16,-85,15,6,13,12,20,0,-26,9,47,38,47,54,53,58,69,69,91,136,161,112,179,179,233,233,212,166,302,297,536,413,447,221,496,576,566,586,586,549,494,543,547,529,544,548,640,530,416,567,545]} 1. e4 c5 2. d4 cxd4 3. c3 Nf6 4. e5 Nd5 5. cxd4 e6 6. a3 a6 7. Bc4 d6 8. Nf3 Nb6 9. Bd3 Nc6 10. Nc3 dxe5 11. dxe5 Nd7 12. Bf4 Qc7 13. Rc1 Qb6 14. Qe2 Bc5 15. O-O Nd4 16. Nxd4 Bxd4 17. b4 Qd8 18. Rfd1 b5 19. Qe4 Nb6 20. Nxb5 Bxf2+ 21. Kxf2 axb5 22. Bxb5+ Bd7 23. Bxd7+ Nxd7 24. Rxd7 Qh4+ 25. Kg1 O-O 26. Qe3 Qh5 27. Rd3 Qf5 28. b5 h6 29. b6 Rfb8 30. Rb3 Ra6 31. b7 Kh7 32. Bg3 Rxa3 33. Rxa3 Rxb7 34. Qd3 g6 35. Qxf5 gxf5 36. Rac3 Rb2 37. Bh4 Re2 38. Bf6 f4 39. Rf3 Re4 40. Rcf1 Kg6 41. Rxf4 1-0

[Event "Madrid-ch Previa-A"]
[Site "Madrid"]
[Date "2025.02.10"]
[Round "4.32"]
[White "Cujba, Anca Claudia"]
[Black "Castro Torres, Vicente"]
[Result "1-0"]
[WhiteElo "1747"]
[BlackElo "1534"]
[PlyCount "46"]
[GameId "2147648259396097"]
[EventDate "2025.02.03"]
[EventType "swiss"]
[EventRounds "9"]
[EventCountry "ESP"]

1. d4 Nf6 2. Bf4 d6 3. Nf3 g6 4. h3 Bg7 5. Nbd2 O-O 6. e4 Re8 7. Be2 Nh5 8. Bh2 Nc6 9. d5 Nd4 10. Nxd4 Bxd4 11. c3 Bg7 12. Bxh5 gxh5 13. Qxh5 e5 14. O-O c6 15. c4 cxd5 16. cxd5 Qb6 17. Rac1 Qxb2 18. Rc7 Rf8 19. Nc4 Qc3 20. Qg5 b5 21. Rc1 Qb4 22. a3 Qa4 23. Nxd6 Qa6 1-0

[Event "Madrid-ch Previa-A"]
[Site "Madrid"]
[Date "2025.02.10"]
[Round "4.33"]
[White "Diaz Del Prado, Carlos"]
[Black "Fernandez Rios, Jose Francisco"]
[Result "1/2-1/2"]
[WhiteElo "1597"]
[BlackElo "1720"]
[PlyCount "46"]
[GameId "2147648733000207"]
[EventDate "2025.02.03"]
[EventType "swiss"]
[EventRounds "9"]
[EventCountry "ESP"]

1. d4 Nf6 2. Nf3 g6 3. e3 Bg7 4. Nbd2 O-O 5. Bd3 d6 6. O-O Nbd7 7. c3 Re8 8. e4 e5 9. d5 c6 10. c4 Nc5 11. Bc2 a5 12. Re1 Qc7 13. Nb3 Nxb3 14. Bxb3 cxd5 15. cxd5 Bg4 16. h3 Bxf3 17. Qxf3 Nd7 18. Bd2 Nc5 19. Rac1 Qd7 20. Bc2 b5 21. b3 Reb8 22. a3 b4 23. a4 Rc8 1/2-1/2

[Event "Madrid-ch Previa-A"]
[Site "Madrid"]
[Date "2025.02.10"]
[Round "4.34"]
[White "Calle Trueba, Jose Antonio"]
[Black "Yaniz Lana, Francisco Javier"]
[Result "1-0"]
[WhiteElo "1590"]
[BlackElo "1716"]
[PlyCount "75"]
[GameId "2147649251996205"]
[EventDate "2025.02.03"]
[EventType "swiss"]
[EventRounds "9"]
[EventCountry "ESP"]

1. e4 c5 2. Nc3 Nc6 3. f4 d6 4. Bb5 g6 5. Bxc6+ bxc6 6. Nf3 Bg7 7. d3 Nf6 8. O-O O-O 9. Qe1 Nd7 10. f5 Ne5 11. Qh4 Nxf3+ 12. Rxf3 h5 13. g4 Bf6 14. Bg5 Bxg5 15. Qxg5 e5 16. f6 Kh7 17. Rh3 Bxg4 18. Qxg4 Qxf6 19. Rf1 Qg7 20. Qd7 Rae8 21. Qxd6 Re6 22. Qxc5 Rh8 23. Rhf3 f5 24. exf5 Rf6 25. Qxe5 Rhf8 26. Kh1 g5 27. Ne4 g4 28. Nxf6+ Rxf6 29. Re3 Qf8 30. Qe7+ Rf7 31. Qxf8 Rxf8 32. Re7+ Kh6 33. Rxa7 Kg5 34. f6 Kh4 35. f7 g3 36. hxg3+ Kxg3 37. Re7 h4 38. Re8 1-0

[Event "Madrid-ch Previa-A"]
[Site "Madrid"]
[Date "2025.02.10"]
[Round "4.35"]
[White "Gonzalez Bolado, David"]
[Black "Santos Rodriguez, Jose"]
[Result "1-0"]
[WhiteElo "1583"]
[BlackElo "1710"]
[PlyCount "77"]
[GameId "2147650029871696"]
[EventDate "2025.02.03"]
[EventType "swiss"]
[EventRounds "9"]
[EventCountry "ESP"]

1. e4 c5 2. c3 d6 3. d4 cxd4 4. cxd4 Nf6 5. Nc3 a6 6. Nf3 Bg4 7. Be2 e6 8. O-O Nc6 9. Be3 Be7 10. Qb3 Qc7 11. Rac1 Rc8 12. d5 exd5 13. exd5 Bxf3 14. Bxf3 Ne5 15. Be2 O-O 16. Ne4 Qd7 17. Nxf6+ Bxf6 18. h3 Rfe8 19. f4 Ng6 20. Bg4 Rxe3 21. Rxc8+ Qxc8 22. Bxc8 Rxb3 23. axb3 Bxb2 24. Bxb7 a5 25. g3 Kf8 26. Kf2 Ne7 27. Kf3 Nf5 28. Rb1 Bc3 29. Ba6 Nd4+ 30. Ke4 Nc2 31. Rc1 f5+ 32. Kd3 Nb4+ 33. Kxc3 Nxa6 34. Ra1 Nc5 35. Rxa5 Ne4+ 36. Kd3 Nxg3 37. b4 Ne4 38. b5 Nc5+ 39. Kc4 1-0

[Event "Madrid-ch Previa-A"]
[Site "Madrid"]
[Date "2025.02.10"]
[Round "4.36"]
[White "Lopez Manso, Jeronimo"]
[Black "Martinez Miura, Enrique"]
[Result "1/2-1/2"]
[WhiteElo "1528"]
[BlackElo "1685"]
[PlyCount "90"]
[GameId "2147650758357598"]
[EventDate "2025.02.03"]
[EventType "swiss"]
[EventRounds "9"]
[EventCountry "ESP"]

1. c4 c6 2. Nc3 d5 3. e3 Nf6 4. h3 e6 5. a3 Be7 6. Nf3 Nbd7 7. b4 dxc4 8. Bxc4 b5 9. Bb3 Bb7 10. Bb2 O-O 11. O-O a6 12. d4 a5 13. bxa5 Rxa5 14. e4 Qa8 15. e5 Nd5 16. Nxd5 cxd5 17. a4 bxa4 18. Rxa4 Rxa4 19. Bxa4 Nb6 20. Bb5 Ba6 21. Qb3 Bxb5 22. Qxb5 Nc4 23. Bc3 Rb8 24. Qd7 Rb7 25. Qc6 Bf8 26. Kh2 Qb8 27. Ra1 Ra7 28. Rg1 Rc7 29. Qa4 Nxe5 30. Nxe5 Rxc3 31. g3 Qc8 32. Rb1 f6 33. Nd7 Rc4 34. Qb5 Rxd4 35. Qb6 Rd2 36. Qxe6+ Kh8 37. Nxf8 Qxf8 38. Qe3 Rc2 39. Rb7 h6 40. Kg2 Qa8 41. Qe7 Qg8 42. Rd7 Rc8 43. Qd6 Kh7 44. Qxd5 Qxd5+ 45. Rxd5 Rc7 1/2-1/2

[Event "Madrid-ch Previa-A"]
[Site "Madrid"]
[Date "2025.02.10"]
[Round "4.37"]
[White "Goday Rivas, Alvaro"]
[Black "Ortega Molina, Tomas"]
[Result "0-1"]
[WhiteElo "1538"]
[BlackElo "1736"]
[PlyCount "46"]
[GameId "2147651655717494"]
[EventDate "2025.02.03"]
[EventType "swiss"]
[EventRounds "9"]
[EventCountry "ESP"]

1. e4 c5 2. Nf3 d6 3. d4 cxd4 4. Nxd4 Nf6 5. Nc3 a6 6. h3 b5 7. g4 Bb7 8. g5 Nxe4 9. Nxe4 Bxe4 10. Rg1 e5 11. Nb3 Nc6 12. Be3 Qc7 13. Bg2 Bxg2 14. Rxg2 Rc8 15. a3 b4 16. a4 a5 17. f4 exf4 18. Bxf4 Be7 19. Qd5 O-O 20. O-O-O Ne5 21. Qxa5 Qc4 22. Bxe5 Qxb3 23. Rd3 Qxd3 0-1

[Event "Madrid-ch Previa-A"]
[Site "Madrid"]
[Date "2025.02.10"]
[Round "4.38"]
[White "Villodre Miranda, Juan Alonso"]
[Black "Veuthey Martinez, Eloy"]
[Result "1-0"]
[WhiteElo "1698"]
[BlackElo "1601"]
[PlyCount "61"]
[GameId "2147652129198724"]
[EventDate "2025.02.03"]
[EventType "swiss"]
[EventRounds "9"]
[EventCountry "ESP"]

1. c4 e5 2. Nc3 d6 3. e4 f5 4. d3 Nf6 5. g3 Be7 6. h3 O-O 7. exf5 Bxf5 8. Bg2 c6 9. Nf3 Na6 10. Nh4 Be6 11. O-O Qc8 12. Kh2 Kh8 13. f4 exf4 14. Bxf4 d5 15. Qe2 Bc5 16. Be5 Be7 17. Rae1 Bg8 18. cxd5 Nxd5 19. Nxd5 Bxd5 20. Bxg7+ Kxg7 21. Qxe7+ Kg8 22. Qg5+ Kh8 23. Qe5+ Kg8 24. Bxd5+ cxd5 25. Qxd5+ Kh8 26. Qe5+ Kg8 27. Qg5+ Kh8 28. Qe5+ Kg8 29. Nf5 Qc2+ 30. Re2 Qc7 31. Nh6# 1-0

[Event "Madrid-ch Previa-A"]
[Site "Madrid"]
[Date "2025.02.11"]
[Round "5.2"]
[White "Alonso Anton, Carlos"]
[Black "Nunez Munoz, Jesus"]
[Result "0-1"]
[WhiteElo "1856"]
[BlackElo "1996"]
[PlyCount "84"]
[GameId "2148028802294143"]
[EventDate "2025.02.03"]
[EventType "swiss"]
[EventRounds "9"]
[EventCountry "ESP"]

1. d4 Nf6 2. Nf3 e6 3. c4 b6 4. a3 Bb7 5. Nc3 d5 6. cxd5 exd5 7. Bf4 Be7 8. e3 O-O 9. Bd3 c5 10. O-O Nbd7 11. h3 Ne4 12. Rc1 Rc8 13. Ne2 a6 14. Bb1 Re8 15. Ne5 cxd4 16. Rxc8 Qxc8 17. Nxd7 Qxd7 18. Nxd4 Bf6 19. Qd3 g6 20. Rc1 Rc8 21. Rxc8+ Qxc8 22. Qc2 Qc4 23. b3 Qc5 24. Qxc5 bxc5 25. Ne2 Nd2 26. Bc2 Bc6 27. f3 c4 28. bxc4 Nxc4 29. Bd3 Be7 30. Nd4 Bb5 31. a4 Bxa4 32. e4 Bc5 33. exd5 Bxd4+ 34. Kf1 Bb5 35. Ke2 Be5 36. Bh6 f5 37. f4 Bd6 38. g4 Nb6 39. gxf5 gxf5 40. Bxb5 axb5 41. Kd3 Bc5 42. Bg5 Kf7 0-1

[Event "Madrid-ch Previa-A"]
[Site "Madrid"]
[Date "2025.02.11"]
[Round "5.3"]
[White "Blazquez Sanz, Oscar"]
[Black "Vazquez Gonzalez, Jesus"]
[Result "1-0"]
[WhiteElo "1980"]
[BlackElo "1920"]
[PlyCount "35"]
[GameId "2148029596926352"]
[EventDate "2025.02.03"]
[EventType "swiss"]
[EventRounds "9"]
[EventCountry "ESP"]

1. e4 c5 2. Nf3 Nc6 3. Bc4 e6 4. O-O a6 5. d4 b5 6. d5 bxc4 7. dxc6 d5 8. exd5 Qxd5 9. Qe2 Qxc6 10. Ne5 Qb7 11. Rd1 Nf6 12. Na3 Be7 13. Naxc4 O-O 14. Rd3 Nd5 15. Rg3 Rd8 16. Rxg7+ Kh8 17. Rxh7+ Kxh7 18. Qh5+ 1-0

[Event "Madrid-ch Previa-A"]
[Site "Madrid"]
[Date "2025.02.11"]
[Round "5.4"]
[White "Vazquez Gonzalez, Francisco"]
[Black "Martin Martin, Luis Vicente"]
[Result "1-0"]
[WhiteElo "1965"]
[BlackElo "1916"]
[PlyCount "67"]
[GameId "2148030023471519"]
[EventDate "2025.02.03"]
[EventType "swiss"]
[EventRounds "9"]
[EventCountry "ESP"]

1. e4 c5 2. Nc3 g6 3. a3 Bg7 4. Bc4 Nc6 5. d3 e6 6. Ba2 Nge7 7. Nge2 O-O 8. Bg5 a6 9. h4 h6 10. Be3 Nd4 11. Qd2 d5 12. Bxh6 Nxc2+ 13. Qxc2 Bxh6 14. h5 g5 15. O-O-O d4 16. Nb1 Bd7 17. Nd2 e5 18. Kb1 Qc7 19. g3 Kh7 20. f4 f6 21. Rhf1 Bg4 22. Nb3 b6 23. Rf2 Nc6 24. Rdf1 gxf4 25. gxf4 Bxe2 26. Qxe2 Bxf4 27. Qg4 Qg7 28. Qf5+ Kh8 29. h6 Qh7 30. Qe6 Rac8 31. Nc1 f5 32. Rg2 fxe4 33. Rfg1 Be3 34. Rg8+ 1-0